European Cities over 1M - Statistics

General Stats
  • This quiz has been taken 77 times
  • The average score is 4 of 15
Answers on the Grid
Answers color-coded by a green-red scale on the quiz's grid according to % correct below.
Frankfurt
Brussels
London
Seville
Moscow
Zurich
Cologne
Birmingham
Warsaw
Amsterdam
Plovdiv
Lisbon
Stockholm
Krasnodar
Prague
Geneve
Lyon
Barcelona
Athens
Bucharest
Sarajevo
Madrid
Palermo
Edinburgh
Helsinki
Saint Petersburg
Kyiv
Vienna
Belgrade
Munich
 
Answer Stats
Answer % Correct
London
71%
Moscow
66%
Munich
29%
Saint Petersburg
29%
Birmingham
24%
Kyiv
21%
Barcelona
18%
Vienna
18%
Warsaw
18%
Belgrade
16%
Cologne
16%
Prague
13%
Madrid
11%
Bucharest
3%
Krasnodar
0%
No matching quizzes found
Score Distribution
Percent of People with Each Score
Percentile by Number Answered
Your Score History
You have not taken this quiz